Bomb : (Record no. 3102)

MARC details
000 -LEADER
fixed length control field 01444cam a2200361 a 4500
001 - CONTROL NUMBER
control field 3102
003 - CONTROL NUMBER IDENTIFIER
control field FISKH
005 - DATE AND TIME OF LATEST TRANSACTION
control field 20251023124930.0
008 - FIXED-LENGTH DATA ELEMENTS--GENERAL INFORMATION
fixed length control field 111021s2012 nyua b 001 0 eng
010 ## - LIBRARY OF CONGRESS CONTROL NUMBER
LC control number 2011044096
020 ## - INTERNATIONAL STANDARD BOOK NUMBER
International Standard Book Number 9781596434875 (hc)
020 ## - INTERNATIONAL STANDARD BOOK NUMBER
International Standard Book Number 9780545595971
040 ## - CATALOGING SOURCE
Original cataloging agency DLC
Transcribing agency DLC
Modifying agency DLC
Language of cataloging eng
042 ## - AUTHENTICATION CODE
Authentication code pcc
043 ## - GEOGRAPHIC AREA CODE
Geographic area code n-us---
-- e-gx---
-- e-su---
-- e-no---
050 00 - LIBRARY OF CONGRESS CALL NUMBER
Classification number UG1282.A8
Item number S235 2012
082 00 - DEWEY DECIMAL CLASSIFICATION NUMBER
Classification number 623.4/5119
Edition number 23
100 1# - MAIN ENTRY--PERSONAL NAME
Personal name Sheinkin, Steve.
245 10 - TITLE STATEMENT
Title Bomb :
Remainder of title the race to build and steal the world's most dangerous weapon /
Statement of responsibility, etc. Steve Sheinkin.
246 30 - VARYING FORM OF TITLE
Title proper/short title Race to build and steal the world's most dangerous weapon
250 ## - EDITION STATEMENT
Edition statement First Scholastic printing, September 2013
260 ## - PUBLICATION, DISTRIBUTION, ETC.
Place of publication, distribution, etc. New York :
Name of publisher, distributor, etc. Scholastic,
Date of publication, distribution, etc. 2012
300 ## - PHYSICAL DESCRIPTION
Extent 266 pages :
Other physical details illustrations ;
Dimensions 24 cm
520 ## - SUMMARY, ETC.
Summary, etc. Recounts the scientific discoveries that enabled atom splitting, the military intelligence operations that occurred in rival countries, and the work of brilliant scientists hidden at Los Alamos.
650 #0 - SUBJECT ADDED ENTRY--TOPICAL TERM
Topical term or geographic name entry element Atomic bomb
General subdivision History.
650 #0 - SUBJECT ADDED ENTRY--TOPICAL TERM
Topical term or geographic name entry element World War, 1939-1945
General subdivision Secret service
Geographic subdivision Soviet Union.
650 #0 - SUBJECT ADDED ENTRY--TOPICAL TERM
Topical term or geographic name entry element World War, 1939-1945
General subdivision Secret service
Geographic subdivision Great Britain.
650 #0 - SUBJECT ADDED ENTRY--TOPICAL TERM
Topical term or geographic name entry element World War, 1939-1945
General subdivision Commando operations
Geographic subdivision Norway
-- Vemork.
650 #0 - SUBJECT ADDED ENTRY--TOPICAL TERM
Topical term or geographic name entry element Operation Freshman, 1942.
650 #0 - SUBJECT ADDED ENTRY--TOPICAL TERM
Topical term or geographic name entry element Atomic bomb
Geographic subdivision Germany
General subdivision History.
906 ## - LOCAL DATA ELEMENT F, LDF (RLIN)
a 7
b cbc
c orignew
d 1
e ecip
f 20
g y-gencatlg
942 ## - ADDED ENTRY ELEMENTS (KOHA)
Source of classification or shelving scheme Dewey Decimal Classification
Koha item type Books
Suppress in OPAC No
Holdings
Withdrawn status Lost status Source of classification or shelving scheme Damaged status Not for loan Collection Home library Current library Shelving location Date acquired Total Checkouts Full call number Barcode Date last seen Copy number Price effective from Koha item type
    Dewey Decimal Classification     Non-Fiction Footprints International School Library Network Toul Kork Campus Footprints International School Library Network Toul Kork Campus   02/06/2024   SHE 623.4 UG1282.S235 FISSE00944 02/06/2024 1 02/06/2024 Books
    Dewey Decimal Classification     Non-Fiction Footprints International School Library Network Toul Tom Poung Campus Footprints International School Library Network Toul Tom Poung Campus TTP Secondary Non-Fiction Bookshelves 10/23/2025   SHE 623.4 UG1282.S235 FISSE00791 10/23/2025 2 10/23/2025 Books